• 首页
  • 本馆介绍
  • 公告通知
  • 最新文献
  • 馆藏检索
  • 电子资源
  • 读者导购
  • 参考咨询
  • 我的图书馆
  • 登录
  • 详细信息显示
  • 放入我的书架
  • 预约/预借图书
  • 作者相关作品
  • 分类相关作品
  • 丛书相关作品
  • 出版社相关作品

书目信息

  • 表格格式
  • 工作单格式
  • 卡片格式
题名:
跳远·三级跳远
    
 
作者: 冈野进 著 ;李鸿江 译
分册:  
出版信息: 北京   人民体育出版社  2001
页数: 168页
开本: 19cm
丛书名: 青少年田径技术训练丛书
单 册:
中图分类: G823.32
科图分类:
主题词: 跳远--运动技术 , 三级跳远--运动技术
电子资源:
ISBN: 7-5009-2124-1
000 00729nam2 2200241 45
001 0401270024
005 20040127004726.6
010    @a7-5009-2124-1@dCNY10.00
100    @a20040127d2001 km y0chiy0120 ea
101 0  @achi@cjpn
105    @aa z 000yy
200 1  @a跳远·三级跳远@ATiao Yuan·San Ji Tiao Yuan@f(日)冈野进著@F(Ri)Gang YeJin Zhu@g李鸿江等译
210    @a北京@c人民体育出版社@d2001
215    @a168页@c图@d19cm
225    @a青少年田径技术训练丛书
410    @12001 @a青少年田径技术训练丛书
606 0  @a跳远@x运动技术
606 0  @a三级跳远@x运动技术
690    @aG823.32@v4
701  0 @a冈野进@4著
702  0 @a李鸿江@ALi Hong Jiang@4译
801    @aCN@bTSTCL@c20040127
905    @b332516@dG823.32@e56@f1
    
    跳远·三级跳远/(日)冈野进著/李鸿江等译.-北京:人民体育出版社,2001
    168页:图;19cm.-(青少年田径技术训练丛书)
    
    
    ISBN 7-5009-2124-1:CNY10.00
    
●
相关链接 在E读中查询图书 在五车中查询图书 在当当中查询图书 在豆瓣中查询图书


正题名:跳远·三级跳远     索取号:G823.32/56         预约/预借

序号 登录号 条形码 馆藏地/架位号 状态 备注
1 0332516   203325160   第一样本阅览室/ [索取号:G823.32/56] 在馆    
唐山师范学院图书馆 欢迎您!
大连网信软件有限公司© 版权所有